| 000 | 00985cam a22003014a 4500 | ||
|---|---|---|---|
| 001 | 16187636 | ||
| 005 | 20180302070349.0 | ||
| 008 | 100415s2010 enk b 000 0 eng | ||
| 010 | _a 2010014103 | ||
| 015 |
_aGBB012607 _2bnb |
||
| 016 | 7 |
_a015479566 _2Uk |
|
| 020 | _a9781847692696 (alk. paper) | ||
| 020 | _a1847692699 (alk. paper) | ||
| 020 | _a9781847692689 (pbk : alk. paper) | ||
| 020 | _a1847692680 (pbk : alk. paper) | ||
| 035 | _a(OCoLC)ocn503647566 | ||
| 040 |
_aDLC _cDLC _dUKM _dYDXCP _dBWK _dC#P _dBWX _dCDX _dLML _dDLC |
||
| 041 | _aeng | ||
| 080 | _a808.042071 HAY | ||
| 082 | 0 | 0 |
_a808.042071 HAY _222 |
| 100 | _a25 | ||
| 101 | _aEDU | ||
| 245 | 0 | 0 |
_aDoes the writing workshop still work? / _cedited by Dianne Donnelly. |
| 504 | _aIncludes bibliographical references. | ||
| 906 |
_a7 _bcbc _corignew _d1 _eecip _f20 _gy-gencatlg |
||
| 942 |
_2ddc _cBK |
||
| 999 |
_c44023 _d44023 |
||